000 00528nam a22001817a 4500
005 20251108171118.0
008 250721s9999 xx 000 0 ara d
082 1 4 _a323.44/محم
100 1 _aمجذوب، محمد سعيد
245 1 0 _aالحريات العامه و حقوق الإنسان /
264 1 _aبيروت :
_bجروس بروس،
_c[19-].
300 _a232ص
650 1 7 _aحقوق الإنسان
650 1 7 _aالحرية
650 1 7 _aالحقوق المدنية
942 _2ddc
_cBK
999 _c56894
_d56894